|
|
|
|
| LEADER |
01028nam a2200289 a 4500 |
| 001 |
14412 |
| 003 |
BD-DhAAL |
| 005 |
20150921020002.0 |
| 008 |
141201r20022000enk b 001 0 eng |
| 010 |
|
|
|a 00702921
|
| 020 |
|
|
|a 0198782659
|
| 040 |
|
|
|a DLC
|c DLC
|d DLC
|d BD-DhAAL
|
| 050 |
0 |
0 |
|a HX39.5
|b .A22413 2000
|
| 082 |
0 |
0 |
|a 335.4/1
|2 21
|
| 100 |
1 |
|
|a Marx, Karl,
|d 1818-1883.
|9 6301
|
| 240 |
1 |
0 |
|a Works.
|k Selections.
|l English.
|f 2000
|
| 245 |
1 |
0 |
|a Selected writings /
|c Karl Marx ; edited by David McLellan.
|
| 250 |
|
|
|a 2nd ed.
|
| 260 |
|
|
|a Oxford ; New York :
|b Oxford University Press,
|c 2000.[Reprinted 2002]
|
| 300 |
|
|
|a xi, 687 p. ;
|c 25 cm.
|
| 504 |
|
|
|a Includes bibliographical references (p. [647]-664) and indexes.
|
| 541 |
|
|
|e 14412
|
| 650 |
|
0 |
|a Socialism.
|9 6302
|
| 700 |
1 |
|
|a McLellan, David.
|9 6303
|
| 942 |
|
|
|2 ddc
|c BK
|0 1
|
| 999 |
|
|
|c 33156
|d 33156
|
| 952 |
|
|
|0 0
|1 0
|2 ddc
|4 0
|6 335_410000000000000_MAR
|7 0
|9 44258
|a BRACUL
|b BRACUL
|c GEN
|d 2014-12-01
|l 9
|m 11
|o 335.41 MAR
|p 3010014412
|r 2025-12-27
|s 2025-12-27
|t 1
|w 2014-12-01
|y BK
|